000 00277nam a2200121Ia 4500
008 190216s9999||||xx |||||||||||||| ||und||
100 _aMohsin M
245 0 _aFinancial Planning And Control
260 _bKalyani Pub
_c1977
300 _a280p
650 _aCommerce
942 _cBK
999 _c4543
_d4543